Normal view MARC view
  • CARLSON,RICHARD

Entry Personal Name

Number of records used in: 1

001 - CONTROL NUMBER

  • control field: 132723

003 - CONTROL NUMBER IDENTIFIER

  • control field: NUST

005 - DATE AND TIME OF LATEST TRANSACTION

  • control field: 20260106112259.0

008 - FIXED-LENGTH DATA ELEMENTS

  • fixed length control field: 260106|| aca||aabn | a|a d

040 ## - CATALOGING SOURCE

  • Original cataloging agency: NUST
  • Transcribing agency: NUST

100 ## - HEADING--PERSONAL NAME

  • Personal name: CARLSON,RICHARD

670 ## - SOURCE DATA FOUND

  • Source citation: Work cat.: (NUST): CARLSON,RICHARD., SLOWING DOWN TO THE SPEED OF LIFE /, 1997.
© 2023 Central Library, National University of Sciences and Technology. All Rights Reserved.